00461nam a2200157 a 4500008004100000050002200041100002200063245005100085246004600136260003900182300001200221350000900233650001400242650003000256700001700286061003s2006 ||||||||||||||||| || u aIBRD(08)PRWP/3940 aAyyagari, Meghana10aWhat determines protection of property rights? aan anlysis of direct and indirect effects aWashington, D. CbWorld Bankc2006 a54p;ill a0.00 0aECONOMICS aPROPERTY RIGHTS--RESEARCH a[and others]